JAKIE OWOCE NIE ROSNĄ NA DRZEWACH? - Statystyki

Ogólne statystyki
  • Ten quiz został rozwiązany 101 razy
  • Średni wynik to 4 z 6
Statystyki odpowiedzi
Odpowiedź % Poprawnych
TRUSKAWKA
88%
MALINA
85%
AGREST
77%
PORZECZKA
70%
ANANAS
55%
WINOGRONO
40%
Nie znaleziono quizów pasujących do podanych kryteriów
Rozkład punktacji
Procent ludzi z każdym wynikiem
Percentyl według liczby udzielonych odpowiedzi
Twoja historia wyników
Nie rozwiązałeś tego quizu